[Event "Challenge"]
[Site "http://www.queenalice.com/game.php?id=231769"]
[Date "2007.6.28"]
[Round "-"]
[White "darkphoenix_wak"]
[Black "jlosar"]
[Result "0-1"]
[WhiteElo "1261"]
[BlackElo "1219"]

1. e3 e5 2. Nf3 Bd6 3. Bc4 Qe7 4. d4 Nc6 5. b3 Bb4+ 6. c3 b5 7. Bxb5 Bb7 8. cxb4
O-O-O 9. Ba3 Nf6 10. Bd3 Nxb4 11. Nxe5 a5 12. Bf5 g6 13. Bh3 Kb8 14. Nc4 Qe4 15.
Ncd2 Nc2+ 16. Ke2 Ba6+ 17. Nc4 Nxa1 18. Nd2 Qd5 19. Be7 Rde8 20. e4 Nxe4 21.
Qxa1 Rxe7 22. f3 Nc3+ 23. Kd3 Nb5 24. a4 Nxd4 25. Ne4 Nxb3+ 26. Kc3 Nxa1 27. Ne3
Qb3+ 0-1

[Event "AUTO-OPEN-718"]
[Site "http://www.queenalice.com/game.php?id=232277"]
[Date "2007.6.29"]
[Round "1"]
[White "jumping"]
[Black "darkphoenix_wak"]
[Result "1-0"]
[WhiteElo "1618"]
[BlackElo "1377"]

1. e4 a6 2. d4 Nc6 3. Nf3 Nf6 4. Bc4 Nxe4 5. Qe2 f5 6. Nc3 Nxd4 7. Nxd4 b5 8.
Nxe4 fxe4 9. Bd5 c6 10. Bxe4 e5 11. Qh5+ g6 12. Qxe5+ Qe7 13. Qxe7+ Bxe7 14. Bf4
g5 15. Be5 O-O 16. Nf5 Bb4+ 17. c3 Ba5 18. Nh6# 1-0

[Event "AUTO-OPEN-718"]
[Site "http://www.queenalice.com/game.php?id=232278"]
[Date "2007.6.29"]
[Round "1"]
[White "darkphoenix_wak"]
[Black "jumping"]
[Result "0-1"]
[WhiteElo "1324"]
[BlackElo "1651"]

1. Nf3 d5 2. Nh4 e5 3. h3 Qxh4 4. g3 Qf6 5. d3 Nh6 6. f4 Nf5 7. fxe5 Qxe5 8. Bf4
Qxb2 9. Be5 Qxe5 10. c3 Ne3 11. d4 Qxg3+ 12. Kd2 Nxd1 13. Kxd1 Nc6 14. Nd2 Qxc3
15. Rc1 Qxd4 16. e3 Qxe3 17. h4 Bg4+ 18. Be2 Qxe2+ 19. Kc2 Bf5+ 20. Kb2 Qxd2+
21. Ka1 Qd4+ 0-1

[Event "AUTO-OPEN-718"]
[Site "http://www.queenalice.com/game.php?id=232303"]
[Date "2007.6.29"]
[Round "1"]
[White "reginaldox"]
[Black "darkphoenix_wak"]
[Result "1-0"]
[WhiteElo "1653"]
[BlackElo "1500"]

1. b4 Na6 2. b5 Nc5 3. d4 Na4 4. c4 g6 5. Qxa4 Bg7 6. Bb2 c5 7. Nf3 a6 8. Qc2
axb5 9. cxb5 Qa5+ 10. Bc3 cxd4 11. Bxa5 Rxa5 12. Qxc8# 1-0

[Event "AUTO-OPEN-718"]
[Site "http://www.queenalice.com/game.php?id=232304"]
[Date "2007.6.29"]
[Round "1"]
[White "darkphoenix_wak"]
[Black "reginaldox"]
[Result "0-1"]
[WhiteElo "1264"]
[BlackElo "1648"]

1. Nf3 d5 2. Nh4 e5 3. g3 Nc6 4. f3 Be7 5. Ng2 Nf6 6. f4 e4 7. Nc3 O-O 8. d3 Bb4
9. Bd2 exd3 10. cxd3 d4 11. Ne4 Nxe4 12. dxe4 Re8 13. Bxb4 Nxb4 14. e3 dxe3 15.
Nxe3 Bd7 16. Bc4 c6 17. a3 Rxe4 18. Qb3 Nd5 19. Bf1 Be6 20. Bg2 Rxe3+ 21. Qxe3
Nxe3 22. Ke2 Nxg2 23. Rhd1 Qb6 24. Rd2 Qe3+ 25. Kf1 Qxd2 26. f5 Bc4+ 27. Kg1 Ne3
28. h4 Qg2# 0-1

[Event "AUTO-OPEN-718"]
[Site "http://www.queenalice.com/game.php?id=232319"]
[Date "2007.6.29"]
[Round "1"]
[White "CampbellMarcel"]
[Black "darkphoenix_wak"]
[Result "1-0"]
[WhiteElo "1290"]
[BlackElo "1220"]

1. e4 a6 2. f4 e6 3. Nf3 g6 4. Bc4 b5 5. Bb3 Nf6 6. d3 Ng4 7. O-O Bc5+ 8. d4 Bb6
9. h3 Nh6 10. Kh1 c5 11. c3 b4 12. dxc5 Bxc5 13. cxb4 Bxb4 14. Nc3 a5 15. Bd2
1-0

[Event "AUTO-OPEN-718"]
[Site "http://www.queenalice.com/game.php?id=232320"]
[Date "2007.6.29"]
[Round "1"]
[White "darkphoenix_wak"]
[Black "CampbellMarcel"]
[Result "0-1"]
[WhiteElo "1238"]
[BlackElo "1276"]

1. Nf3 d5 2. e3 Bg4 3. Bb5+ c6 4. Be2 Nf6 5. Nh4 Bxe2 6. Qxe2 g5 7. Nf5 e6 8.
Ng3 Bd6 9. b3 Na6 10. Bb2 Be7 11. Nh5 Nc5 12. Ng7+ Kd7 13. d4 Nce4 14. f3 Nd6
15. e4 dxe4 16. d5 exd5 17. O-O Rg8 0-1

[Event "Challenge"]
[Site "http://www.queenalice.com/game.php?id=232355"]
[Date "2007.6.29"]
[Round "-"]
[White "xianxu"]
[Black "darkphoenix_wak"]
[Result "1-0"]
[WhiteElo "1500"]
[BlackElo "1306"]

1. e4 a6 2. Nf3 Nc6 3. Bc4 b5 4. Bb3 a5 5. d4 a4 6. Bd5 Bb7 7. O-O Na5 8. Nc3 c6
9. b4 cxd5 10. bxa5 dxe4 11. Ne5 1-0

[Event "Challenge"]
[Site "http://www.queenalice.com/game.php?id=232469"]
[Date "2007.6.29"]
[Round "-"]
[White "kloosterveen"]
[Black "darkphoenix_wak"]
[Result "1-0"]
[WhiteElo "1901"]
[BlackElo "1277"]

1. d4 Nc6 2. e3 d6 3. Bb5 a6 4. Bxc6+ bxc6 5. Nf3 Bb7 6. O-O a5 7. Nc3 Ba6 8.
Re1 c5 9. dxc5 dxc5 10. e4 e6 11. Qxd8+ Rxd8 12. Bf4 Bd3 13. cxd3 Rxd3 14. Bxc7
Rd2 15. b3 Rd3 16. Bxa5 Ne7 17. Ne5 f6 18. Nxd3 Nc6 19. Bb6 f5 20. exf5 g6 21.
fxe6 Rg8 22. Bxc5 Nb4 23. Bxb4 Bxb4 24. Nxb4 h5 25. e7 g5 26. Rad1 g4 27. Rd8+
Kf7 28. Rxg8 Kxg8 29. e8=Q+ Kg7 30. Re7+ Kh6 31. Qg8 h4 32. Rh7# 1-0

[Event "Challenge"]
[Site "http://www.queenalice.com/game.php?id=232812"]
[Date "2007.6.30"]
[Round "-"]
[White "darkphoenix_wak"]
[Black "sanisk"]
[Result "0-1"]
[WhiteElo "1262"]
[BlackElo "1372"]

1. e4 e5 2. Bc4 Nf6 3. Nc3 Bc5 4. Na4 Nxe4 5. f3 d5 6. Bxd5 Qxd5 7. fxe4 Qxe4+
8. Ne2 Qh4+ 9. g3 Qe4 10. Rf1 Qxa4 11. Nc3 Bg4 12. Rf3 Bxf3 13. Qxf3 Qc6 14. Ne4
O-O 0-1

[Event "Challenge"]
[Site "http://www.queenalice.com/game.php?id=238990"]
[Date "2007.7.12"]
[Round "-"]
[White "mogerio"]
[Black "darkphoenix_wak"]
[Result "1-0"]
[WhiteElo "1321"]
[BlackElo "1282"]

1. e4 e6 2. d4 Bb4+ 3. Bd2 Be7 4. Bf4 Bb4+ 5. Bd2 a5 6. a3 Bd6 7. Nc3 e5 8. d5
Nf6 9. Nf3 c5 10. Bc4 O-O 11. O-O Na6 12. Be2 Nc7 13. Nh4 b5 14. f4 b4 15. Na4
Nxe4 16. Bd3 Ba6 17. Qe2 Qxh4 18. g3 Nxd5 19. Bxe4 Qh3 20. Rf3 Bxe2 21. Rf2 Bc4
22. Bd3 Rab8 23. fxe5 Bxe5 24. Rg2 bxa3 25. Bxc4 1-0

[Event "Challenge"]
[Site "http://www.queenalice.com/game.php?id=250021"]
[Date "2007.8.3"]
[Round "-"]
[White "darkphoenix_wak"]
[Black "AndrioCatilio"]
[Result "1-0"]
[WhiteElo "1276"]
[BlackElo "1321"]

1. g4 e5 2. Nf3 Bc5 3. g5 e4 4. Ne5 Qxg5 5. d4 d6 6. Bxg5 dxe5 7. dxc5 f6 8. Bh4
g5 9. Bg3 Nh6 10. h4 Ng4 11. Bh3 gxh4 12. Bxh4 Rg8 13. f3 Ne3 14. Qd2 Nc4 15.
Qd5 Rg6 16. Qxc4 Rh6 17. Bxc8 a5 18. fxe4 Ra7 19. Nd2 c6 20. Nf3 b5 21. Qe6+ Re7
22. Qg8# 1-0